| 000 | 01076cam a22002535a 4500 | ||
|---|---|---|---|
| 001 | L158047 | ||
| 008 | 140226s2009 xxk f 000 0 eng d | ||
| 020 | _a9780199557196 | ||
| 035 | _a(Sirsi) u158047 | ||
| 041 | 0 | _aeng | |
| 050 | 0 | 4 | _a347.4109 BLA |
| 100 | 1 | _aBlackaby, Nigel | |
| 245 | 0 | 0 | _aRedfern and Hunter on International Arbitration |
| 260 |
_aOxford _bOxford University _c2009 |
||
| 300 | _axlvii, 727p, 25cm | ||
| 520 | _aServes as an effective introduction for students of international arbitration. This edition has been substantially revised to include fuller treatment of investment treaty arbitration and the law and practice of international arbitration beyond the UK and Europe, in particular the USA, Latin America, China and India. Includes many references to significant arbitrations and recent decisions from the major arbitral jurisdictions. | ||
| 590 | _aKA | ||
| 651 | 4 | _aInternational | |
| 690 |
_aDispute resolution _96236 |
||
| 700 | 1 | _aPartasides, Constantine | |
| 700 | 1 | _aRedfern, Alan | |
| 700 | 1 | _aHunter, Martin | |
| 942 | _n0 | ||
| 999 |
_c115101 _d115101 |
||